Révolutions ! : Textes et films engagés - Cuba, Vietnam, Palestine (notice n° 1567168)
[ vue normale ]
| 000 -LEADER | |
|---|---|
| fixed length control field | 01418cam a2200133 4500500 |
| 005 - DATE AND TIME OF LATEST TRANSACTION | |
| control field | 20251214002557.0 |
| 041 ## - LANGUAGE CODE | |
| Language code of text/sound track or separate title | fre |
| 042 ## - AUTHENTICATION CODE | |
| Authentication code | dc |
| 100 10 - MAIN ENTRY--PERSONAL NAME | |
| Personal name | Dreyer, Sylvain |
| Relator term | author |
| 245 00 - TITLE STATEMENT | |
| Title | Révolutions ! : Textes et films engagés - Cuba, Vietnam, Palestine |
| 260 ## - PUBLICATION, DISTRIBUTION, ETC. | |
| Name of publisher, distributor, etc. | Armand Colin,<br/> |
| Date of publication, distribution, etc. | 2013.<br/> |
| 520 ## - SUMMARY, ETC. | |
| Summary, etc. | Dans la France des années 60 et 70, des écrivains et des cinéastes comme Jean-Paul Sartre, Jean Genet, Jean-Luc Godard ou Chris Marker s’engagent en faveur des luttes tiers-mondistes. Après l’engouement des intellectuels pour l’URSS au début du siècle et les luttes de décolonisation, la révolution cubaine, la résistance vietnamienne et le mouvement palestinien symbolisent désormais l’espoir d’un socialisme à visage humain. Cette floraison de témoignages – articles, essais, pièces de théâtre, films de fiction et films militants – permet l’émergence d’une nouvelle forme d’engagement artistique : un engagement critique qui n’exclut ni la lucidité idéologique ni la sensibilité esthétique. À travers une rhétorique comparée de la littérature et du cinéma engagés, cet essai propose une exploration d’œuvres parfois méconnues d’artistes pourtant majeurs, qui s’interrogent sur les conditions d’une authentique politisation de l’art. |
| 856 41 - ELECTRONIC LOCATION AND ACCESS | |
| Uniform Resource Identifier | <a href="https://shs.cairn.info/revolutions--9782200284169?lang=fr&redirect-ssocas=7080">https://shs.cairn.info/revolutions--9782200284169?lang=fr&redirect-ssocas=7080</a> |
Pas d'exemplaire disponible.




Réseaux sociaux